000 00391nam a2200157 4500
999 _c611
_d611
008 191030b ||||| |||| 00| 0 eng d
082 0 0 _a620.1
_bT644
100 _aToft, Louis.
_9120
245 1 0 _aTheory of Machines
_cby Louis Toft
250 _a5th ed.
260 _aLondon
_bPitman
_c1944
300 _ax, 494 p.
650 0 _aMechanics
700 _aKersey, A. T. J.
_9121
942 _2ddc
_cBK